The noble scholar, jurist, historian


 His Excellency Dr. Abdul Wahhab bin Ibrahim Abu Sulaiman, may Allah have mercy on him.


 He was born in Umm Al-Qura in the year 1356 AH.

الجواهر الزكية على المقدمة العشماوية / (Record no. 2763)

MARC details
000 -LEADER
fixed length control field 01138cam a2200277 i 4500
003 - CONTROL NUMBER IDENTIFIER
control field SA-RiAUC
005 - DATE AND TIME OF LATEST TRANSACTION
control field 20241125071923.0
008 - FIXED-LENGTH DATA ELEMENTS--GENERAL INFORMATION
fixed length control field 241124s2001 ua g 000 0 ara c
020 ## - INTERNATIONAL STANDARD BOOK NUMBER
International Standard Book Number 9772971054
040 ## - CATALOGING SOURCE
Original cataloging agency SA-JeALM
Language of cataloging ara
Transcribing agency SA-RiAUC
Description conventions rda
082 04 - DEWEY DECIMAL CLASSIFICATION NUMBER
Classification number 258.2
090 ## - LOCALLY ASSIGNED LC-TYPE CALL NUMBER (OCLC); LOCAL CALL NUMBER (RLIN)
Classification number (OCLC) (R) ; Classification number, CALL (RLIN) (NR) 258.2
Local cutter number (OCLC) ; Book number/undivided call number, CALL (RLIN) ا ب ن ت
100 1# - MAIN ENTRY--PERSONAL NAME
Personal name ابن تركي، أحمد بن تركي بن أحمد،
Dates associated with a name توفي 979 هجري
Relator term مؤلف.
245 12 - TITLE STATEMENT
Title الجواهر الزكية على المقدمة العشماوية /
Statement of responsibility, etc. أحمد بن تركي المالكي.
264 #1 - PRODUCTION, PUBLICATION, DISTRIBUTION, MANUFACTURE, AND COPYRIGHT NOTICE
Name of producer, publisher, distributor, manufacturer مطبوعات فقه إمام دار الهجرة،
Date of production, publication, distribution, manufacture, or copyright notice 2001
300 ## - PHYSICAL DESCRIPTION
Extent صفحة
336 ## - CONTENT TYPE
Content type term نص
Content type code txt
Source rdacontent
Materials specified كتاب
337 ## - MEDIA TYPE
Media type term بدون وسيط
Media type code n
Source rdamedia
338 ## - CARRIER TYPE
Carrier type term مجلد
Carrier type code nc
Source rdacarrier
650 #7 - SUBJECT ADDED ENTRY--TOPICAL TERM
Topical term or geographic name entry element الفقه المالكي
Form subdivision مخطوطات
Source of heading or term aucsh
650 #7 - SUBJECT ADDED ENTRY--TOPICAL TERM
Topical term or geographic name entry element الفقه الإسلامي
General subdivision مذاهب
Source of heading or term aucsh
700 12 - ADDED ENTRY--PERSONAL NAME
Personal name العشماوي، عبد الباري الرفاعي،
Dates associated with a name قرن 10 هجري.
Title of a work متن العشماوية.
740 22 - ADDED ENTRY--UNCONTROLLED RELATED/ANALYTICAL TITLE
Uncontrolled related/analytical title المقدمة العشماوية.
942 ## - ADDED ENTRY ELEMENTS (KOHA)
Source of classification or shelving scheme Dewey Decimal Classification
Koha item type Books
Suppress in OPAC No
949 ## - LOCAL PROCESSING INFORMATION (OCLC)
a SA-JeALM
d 241124
u mohamedma123
n 1
Holdings
Withdrawn status Lost status Source of classification or shelving scheme Damaged status Not for loan Home library Current library Date acquired Total checkouts Full call number Barcode Date last seen Price effective from Koha item type Materials specified (bound volume or other part)
    Dewey Decimal Classification     DR AbdElwahab Library DR AbdElwahab Library 11/25/2024   258.2 ا ب ن ت 000004285 11/25/2024 11/25/2024 Books  
    Dewey Decimal Classification     DR AbdElwahab Library DR AbdElwahab Library 11/30/2024   258.2 ا ب ن ت 000004486 11/30/2024 11/30/2024 Books المجلد الثاني